Cocina Popular
Uloženo v:
| Hlavní autor: | |
|---|---|
| Médium: | Kniha |
| Jazyk: | španělština |
| Vydáno: |
Santiago
Grijalbo
1996
|
| Vydání: | 3a. ed |
| Témata: | |
| Tagy: |
Přidat tag
Žádné tagy, Buďte první, kdo vytvoří štítek k tomuto záznamu!
|
MARC
| LEADER | 00000nam a2200000 a 4500 | ||
|---|---|---|---|
| 001 | UCH5394 | ||
| 003 | CL-VaPUC | ||
| 008 | 091014e19960000CL |||||||||||||||||spa|d | ||
| 082 | 0 | 4 | |a 641.3 |b BRA |2 21 |
| 100 | 0 | |a Bravo Walker, Mariana |e author |9 541679 | |
| 245 | 1 | 0 | |a Cocina Popular |
| 250 | |a 3a. ed | ||
| 300 | |a 435 p | ||
| 942 | |c BK | ||
| 945 | |d 20091014 00:00:00 |a ccalabra | ||
| 260 | |a Santiago |b Grijalbo |c 1996 | ||
| 650 | 0 | |a Recetas de cocina |9 334345 | |
| 583 | |a last modification |c 20180123 05:08:59 |k Rodrigo Vera | ||
| 999 | |c 336539 |d 336537 | ||